000 01079cam a2200265 4500
008 040422n2003 000 0 eng u
020 _a1860816606
035 _a(Sirsi) u125917
041 _aeng
050 _a674.834
_c18
100 _aDinwoodie, J. M.
245 _aWood-based panels
_bcement-bonded particleboard
260 _aWatford
_bBRE
_c2003
300 _a8p.
_c30cm.
490 _aBRE Digest
_v477 Part 3
520 _aThis digest describes cement-bonded particleboardand provides guidance on its use when manufactured to the European Standard EN 634. It demonstrates how mandatory compliance with the Construction Products Directive can be achieved by using the new European Harmonised Standard (EN 13986) when the product is used in construction within Europe.
650 _aEUROPE
650 _aCEMENT-BONDED PARTICLEBOARD
690 _aBUILT ENVIRONMENT-BUILDING MATERIALS
700 _aEnjily, V.
700 _aFan, M. Z.
710 _aBuilding Research Establishment
710 _aUnited Kingdom
_bDepartment of Trade and Industry
942 _n0
999 _c103501
_d103501